Click A Movie, Initially - Teen Movies Quiz Stats

 Plays Quiz Updated Jun 14, 2018

Score 0/20 Timer 05:00
4 Plays Today
% Correct
Mean Girls
91.7%
Freaky Friday
90.1%
Clueless
87.3%
The Breakfast Club
86%
Ferris Bueller's Day Off
84.8%
Easy A
83.7%
American Pie
78.5%
Sixteen Candles
77.5%
Superbad
77.2%
Napoleon Dynamite
77%
% Correct
Risky Business
74.8%
Say Anything...
69.7%
Bring It On
69.6%
She's the Man
65.8%
Pretty in Pink
65%
Cruel Intentions
64.7%
Dazed And Confused
64.7%
Weird Science
62.7%
Fast Times at Ridgemont High
61.9%
She's All That
58.7%

You're not logged in!

Compare scores with friends on all Sporcle quizzes.
Join for Free
OR
Log In

Show Comments

Extras

Top Quizzes Today


Score Distribution

Your Account Isn't Verified!

In order to create a playlist on Sporcle, you need to verify the email address you used during registration. Go to your Sporcle Settings to finish the process.

Report this User

Report this user for behavior that violates our Community Guidelines.

Details: